00309nam a22001097a 4500020001500000082001400015100003800029245006300067260005000130300000800180650001100188 a8174351426 a297.4 STO aStoddart, WilliamaR.A. Nicholson aSufism: The Mystical Doctrines and The Idea of Personality aDelhibAdam Publishers And Distributorsc2015 a165 aSufism